| 000 | 01146cam a22002654a 4500 | ||
|---|---|---|---|
| 001 | 3581 | ||
| 005 | 20250821142725.0 | ||
| 020 | _a9780516247823 | ||
| 040 |
_aDLC _cDLC _dDLC _beng |
||
| 050 | 0 | 0 |
_aS417.C3 _b 2005 |
| 082 | 0 | 0 | _a630.92 |
| 100 | 1 | _aKittinger, Jo S | |
| 245 | 1 | 0 |
_aGeorge Washington Carver / _cby Jo S. Kittinger |
| 260 |
_aNew York : _bChildren's Press , _c2005 |
||
| 300 |
_a24 pages : _bcolor illustrations ; _c21 cm. |
||
| 490 | _a Scholastic News Nonfiction Readers: Biographies, Scholastic News Nonfiction Readers (Biographies) | ||
| 505 | 0 | _aJ | |
| 520 | _aExplore space, fly an airplane, find new lands, and make new discoveries with inventors, explorers, and scientists. Young readers will learn about these great people and their accomplishments, and how they helped pave the way for others who came after them. | ||
| 521 |
_a480
_bLexile |
||
| 521 |
_aJ
_bRaz-Plus |
||
| 650 | 0 |
_aAfrican American agriculturists _vBiography _vJuvenile literature |
|
| 650 | 0 |
_aAgriculturists _zUnited States _vBiography _vJuvenile literature |
|
| 906 |
_a7 _bcbc _corignew _d1 _eecip _f20 _gy-gencatlg |
||
| 942 |
_2ddc _cBK _n0 |
||
| 999 |
_c3581 _d3581 |
||